| 000 | 01357cam a22003737a 4500 | ||
|---|---|---|---|
| 003 | CHAP | ||
| 005 | 20220329141844.0 | ||
| 008 | 980309d1997 mx r 00110 spa d | ||
| 010 | _a74854 | ||
| 011 | _a75826 | ||
| 035 | _a85396 | ||
| 040 | _cCHAP | ||
| 090 | _aTesis | ||
| 100 | 0 | 0 |
_aHerrera Flores, Alejandro. _954869 |
| 245 | 1 | 0 |
_aConservación a 5 y 17C del semen de conejo Nueva Zelanda Blanco y California y sus efectos sobre la viabilidad _c/por Alejandro Herrera Flores y Salvador Mendoza Guzmán |
| 260 |
_aChapingo, Méx. : _bEl autor, _c1997. |
||
| 300 |
_a63 h. : _bgráfs. |
||
| 502 | _aTesis (Ing. Agr. Esp. en Zootecnia) -- UACH. Departamento de Zootecnia | ||
| 590 |
_aALEPH _b10 _c20130110 _lUCH01 _h1421 |
||
| 590 |
_aBATCH-UPD _b10 _c20130110 _lUCH01 _h1352 |
||
| 590 |
_aBATCH-UPD _b10 _c20130410 _lUCH01 _h0848 |
||
| 590 |
_aBATCH-UPD _b10 _c20130914 _lUCH01 _h1028 |
||
| 590 |
_aCONVERSION _b10 _c20130109 _lUCH01 _h1341 |
||
| 650 | 1 | 4 |
_aConejos _xRazas. _926377 |
| 650 | 1 | 4 |
_aSemen _xConejos. _9103856 |
| 650 | 1 | 4 |
_aSemen _xPreservación. _9103866 |
| 650 | 1 | 4 |
_aTemperatura _xEfecto en semen. _9112221 |
| 700 | 0 |
_aMendoza Guzmán, Salvador. _974666 |
|
| 901 | _aBK | ||
| 905 | _aGuadalupe Pinto C. | ||
| 942 | _cFOLL | ||
| 949 |
_bBC _cTES _d33724000629135 _eTS2 _fc.2 _h31890 _i85396 _sb |
||
| 949 |
_bBC _cTES _d85396 _eTS1 _h31889 _i85396 _sb |
||
| 999 |
_c74854 _d74854 |
||